Advanced inorganic chemistry (Record no. 2836)

000 -LEADER
fixed length control field 00571nam a2200241u 4500
001 - CONTROL NUMBER
control field 2836
003 - CONTROL NUMBER IDENTIFIER
control field BD-DhUET
008 - FIXED-LENGTH DATA ELEMENTS--GENERAL INFORMATION
fixed length control field 890901s1965 ii 000 0 eng
020 ## - INTERNATIONAL STANDARD BOOK NUMBER
International Standard Book Number 8121902630
040 ## - CATALOGING SOURCE
Original cataloging agency DLC
Transcribing agency DLC
Modifying agency BD-DhUET
082 ## - DEWEY DECIMAL CLASSIFICATION NUMBER
Classification number 546
Item number PRA/2000
100 ## - MAIN ENTRY--PERSONAL NAME
Personal name Prakash, Satya
245 00 - TITLE STATEMENT
Title Advanced inorganic chemistry
250 ## - EDITION STATEMENT
Edition statement 1st ed.
260 ## - PUBLICATION, DISTRIBUTION, ETC. (IMPRINT)
Place of publication, distribution, etc. New York
Name of publisher, distributor, etc. S. Chand
Date of publication, distribution, etc. 2000
300 ## - PHYSICAL DESCRIPTION
Extent xvi, 1157p.
Other physical details ill.
500 ## - GENERAL NOTE
General note Vol. I
650 #0 - SUBJECT ADDED ENTRY--TOPICAL TERM
Topical term or geographic name as entry element Chemistry
700 ## - ADDED ENTRY--PERSONAL NAME
Personal name Tuli, G. D.
700 ## - ADDED ENTRY--PERSONAL NAME
Personal name Basu, S. K.
700 ## - ADDED ENTRY--PERSONAL NAME
Personal name Madan, R. D.
942 ## - ADDED ENTRY ELEMENTS (KOHA)
Koha item type General Book
Holdings
Date acquired Koha full call number Sublocation or collection (holding branch) Koha issues (times borrowed) Damaged status Not for loan Copy number Location (home branch) Piece designation (barcode) Koha item type Koha renewals Price effective from Withdrawn status Source of classification or shelving scheme Lost status Koha date last seen Shelving location Koha date last borrowed Koha normalized classification for sorting
2014-10-12546/PRA/2000Central Library, BUET5  1Central Library, BUET96435General Book22014-10-12   2024-05-26Circulation section2024-04-27546_000000000000000_PRA_2000
2014-11-09546/PRA/2000Central Library, BUET12  2Central Library, BUET96433General Book12014-11-09   2020-02-24Circulation section2020-02-23546PRA2000
2015-06-16546/PRA/2000Central Library, BUET   3Central Library, BUET96431Reading Item 2015-06-16   2015-06-16Reading section 546_000000000000000_PRA_2000
2015-12-28546/PRA/2000Central Library, BUET6  4Central Library, BUET96434General Book 2015-12-28   2019-09-01Circulation section2019-08-24546_000000000000000_PRA_2000